000 00490 a2200181 4500
003 OSt
005 20260324124545.0
008 231204b |||||||| |||| 00| 0 eng d
020 _a8126406909
040 _coclc
082 _a869.342
_bCOE/F
100 1 _aCoelho, Paulo
_95599
245 _aFifth Mountain /
_cPaulo Coelho
250 _a11th ed.
260 _aKottayam:
_bD C Books,
_c2022.
300 _a232p.
942 _2ddc
_cBK
_h869.342
_iCOE/F
_k869.342
_mCOE/F
999 _c43955
_d43955